{"text_format":"3","workbook":"xlsx","n_sheets":1,"sheets":["t455"],"read":"whole","date_system":"1900"}

{"sheet":"t455","index":0,"n_rows":179,"n_cols":7,"rows_kept":179,"merged":[[0,0,0,6],[30,0,30,5],[47,0,47,5],[151,0,151,5]]}
["TABELA 455.1 - Estatísticas Agrícolas, Município de Pratânia, Estado de São Paulo, 2007/08."]
["ITEM","UNIDADE","N.DE UPAs","MÍNIMO","MÉDIO","MÁXIMO","TOTAL"]
["Distância à sede do município","km",248,0.1,7.9,{"v":26,"d":"26.0"},"-"]
["Área total","hectare",248,0.8,87.7,{"v":4000.5,"d":"4,000.5"},{"v":21749.2,"d":"21,749.2"}]
["Área com cultura perene","hectare",77,0.1,{"v":23.62,"d":"23.6"},{"v":336,"d":"336.0"},{"v":1819,"d":"1,819.0"}]
["Área com cultura temporária","hectare",145,0.2,{"v":64.89,"d":"64.9"},{"v":1840,"d":"1,840.0"},{"v":9408.4,"d":"9,408.4"}]
["Área com pastagem","hectare",170,0.5,{"v":34.94,"d":"34.9"},{"v":1080,"d":"1,080.0"},{"v":5939.3,"d":"5,939.3"}]
["Área com reflorestamento","hectare",64,0.1,{"v":29.08,"d":"29.1"},406.9,{"v":1861.1,"d":"1,861.1"}]
["Área com vegetação natural","hectare",120,0.1,{"v":14.74,"d":"14.7"},677.6,{"v":1769.3,"d":"1,769.3"}]
["Área com vegetação de brejo e várzea","hectare",65,0.2,{"v":7.09,"d":"7.1"},{"v":60,"d":"60.0"},460.7]
["Área em descanso","hectare",5,0.9,{"v":7.84,"d":"7.8"},{"v":29,"d":"29.0"},39.2]
["Área complementar","hectare",186,0.1,{"v":2.43,"d":"2.4"},52.9,452.2]
["Área das UPAs com (0, 1] ha","hectare",3,0.8,{"v":0.93,"d":"0.9"},{"v":1,"d":"1.0"},2.8]
["Área das UPAs com (1, 2] ha","hectare",2,1.6,1.8,{"v":2,"d":"2.0"},3.6]
["Área das UPAs com (2, 5] ha","hectare",26,2.4,{"v":3.62,"d":"3.6"},{"v":5,"d":"5.0"},{"v":94,"d":"94.0"}]
["Área das UPAs com (5, 10] ha","hectare",23,{"v":6,"d":"6.0"},{"v":8.43,"d":"8.4"},{"v":10,"d":"10.0"},193.8]
["Área das UPAs com (10, 20] ha","hectare",40,10.4,{"v":15.02,"d":"15.0"},{"v":20,"d":"20.0"},600.6]
["Área das UPAs com (20, 50] ha","hectare",75,20.3,{"v":30.57,"d":"30.6"},49.5,{"v":2292.4,"d":"2,292.4"}]
["Área das UPAs com (50, 100] ha","hectare",39,50.8,{"v":72.79,"d":"72.8"},99.8,{"v":2839,"d":"2,839.0"}]
["Área das UPAs com (100, 200] ha","hectare",15,{"v":104,"d":"104.0"},141.4,187.6,{"v":2121,"d":"2,121.0"}]
["Área das UPAs com (200, 500] ha","hectare",21,217.8,{"v":331.38,"d":"331.4"},486.9,{"v":6958.9,"d":"6,958.9"}]
["Área das UPAs com (500, 1.000] ha","hectare",2,508.2,716.3,924.4,{"v":1432.6,"d":"1,432.6"}]
["Área das UPAs com (1.000, 2.000] ha","hectare",1,{"v":1210,"d":"1,210.0"},{"v":1210,"d":"1,210.0"},{"v":1210,"d":"1,210.0"},{"v":1210,"d":"1,210.0"}]
["Área das UPAs com (2.000, 5.000] ha","hectare",1,{"v":4000.5,"d":"4,000.5"},{"v":4000.5,"d":"4,000.5"},{"v":4000.5,"d":"4,000.5"},{"v":4000.5,"d":"4,000.5"}]
["Área das UPAs com (5.000, 10.000] ha","hectare","-","-","-","-","-"]
["Área das UPAs acima de 10.000 ha","hectare","-","-","-","-","-"]
["Familiares do proprietário que trabalham na UPA","unidade",83,{"v":1,"d":"1.0"},{"v":1.59,"d":"1.6"},{"v":5,"d":"5.0"},{"v":132,"d":"132.0"}]
["Trabalhadores permanentes","unidade",133,{"v":1,"d":"1.0"},{"v":3.17,"d":"3.2"},{"v":88,"d":"88.0"},{"v":421,"d":"421.0"}]
["Fonte: Secretaria de Agricultura e Abastecimento, CDRS/IEA, Projeto LUPA."]
[]
["TABELA 455.2 - Explorações Animais, Município de Pratânia, Estado de São Paulo, 2007/08."]
["ITEM","UNIDADE","N.DE UPAs","MÍNIMO","MÉDIO","MÁXIMO","TOTAL"]
["Asininos E Muares","cabeças",7,{"v":1,"d":"1.0"},{"v":2.57,"d":"2.6"},{"v":10,"d":"10.0"},{"v":18,"d":"18.0"}]
["Avestruzes e Ema (Criadouro)","cabeças",1,{"v":20,"d":"20.0"},{"v":20,"d":"20.0"},{"v":20,"d":"20.0"},{"v":20,"d":"20.0"}]
["Avicultura de Corte","cabeças/ano",9,{"v":20000,"d":"20,000.0"},{"v":71888.89,"d":"71,888.9"},{"v":230000,"d":"230,000.0"},{"v":647000,"d":"647,000.0"}]
["Avicultura para Ovos","cabeças",2,{"v":7000,"d":"7,000.0"},{"v":203500,"d":"203,500.0"},{"v":400000,"d":"400,000.0"},{"v":407000,"d":"407,000.0"}]
["Bovinocultura de Corte","cabeças",2,{"v":15,"d":"15.0"},107.5,{"v":200,"d":"200.0"},{"v":215,"d":"215.0"}]
["Bovinocultura Leiteira","cabeças",10,{"v":1,"d":"1.0"},28.1,{"v":170,"d":"170.0"},{"v":281,"d":"281.0"}]
["Bovinocultura Mista","cabeças",107,{"v":2,"d":"2.0"},{"v":87.79,"d":"87.8"},{"v":2100,"d":"2,100.0"},{"v":9394,"d":"9,394.0"}]
["Caprinocultura","cabeças",2,{"v":5,"d":"5.0"},{"v":6,"d":"6.0"},{"v":7,"d":"7.0"},{"v":12,"d":"12.0"}]
["Equinocultura","cabeças",63,{"v":1,"d":"1.0"},{"v":4.73,"d":"4.7"},{"v":44,"d":"44.0"},{"v":298,"d":"298.0"}]
["Outra Exploração Animal","cabeças",5,{"v":1,"d":"1.0"},9.8,{"v":30,"d":"30.0"},{"v":49,"d":"49.0"}]
["Ovinocultura","cabeças",22,{"v":2,"d":"2.0"},78.5,{"v":700,"d":"700.0"},{"v":1727,"d":"1,727.0"}]
["Piscicultura","m² tanques",3,{"v":30,"d":"30.0"},{"v":20010,"d":"20,010.0"},{"v":50000,"d":"50,000.0"},{"v":60030,"d":"60,030.0"}]
["Suinocultura","cabeças",18,{"v":1,"d":"1.0"},{"v":94.33,"d":"94.3"},{"v":1500,"d":"1,500.0"},{"v":1698,"d":"1,698.0"}]
["Fonte: Secretaria de Agricultura e Abastecimento, CDRS/IEA, Projeto LUPA."]
[]
["TABELA 455.3 -  Máquinas, Implementos e Benfeitorias, Município de Pratânia, Estado de São Paulo, 2007/08."]
["ITEM","UNIDADE","N.DE UPAs","MÍNIMO","MÉDIO","MÁXIMO","TOTAL"]
["Arado Comum (Bacia, Aiveca)","Unidade",51,{"v":1,"d":"1.0"},{"v":1.18,"d":"1.2"},{"v":4,"d":"4.0"},{"v":60,"d":"60.0"}]
["Arado Escarificador","Unidade",16,{"v":1,"d":"1.0"},{"v":1.06,"d":"1.1"},{"v":2,"d":"2.0"},{"v":17,"d":"17.0"}]
["Arado Subsolador","Unidade",7,{"v":1,"d":"1.0"},{"v":1,"d":"1.0"},{"v":1,"d":"1.0"},{"v":7,"d":"7.0"}]
["Batedeira de Cereais","Unidade",7,{"v":1,"d":"1.0"},{"v":1,"d":"1.0"},{"v":1,"d":"1.0"},{"v":7,"d":"7.0"}]
["Câmara Fria","Unidade",4,{"v":1,"d":"1.0"},{"v":1.25,"d":"1.3"},{"v":2,"d":"2.0"},{"v":5,"d":"5.0"}]
["Carregadeira de Cana","Unidade",1,{"v":1,"d":"1.0"},{"v":1,"d":"1.0"},{"v":1,"d":"1.0"},{"v":1,"d":"1.0"}]
["Colhedeira Acoplada","Unidade",3,{"v":1,"d":"1.0"},{"v":1,"d":"1.0"},{"v":1,"d":"1.0"},{"v":3,"d":"3.0"}]
["Colhedeira Automotriz","Unidade",1,{"v":1,"d":"1.0"},{"v":1,"d":"1.0"},{"v":1,"d":"1.0"},{"v":1,"d":"1.0"}]
["Conj.Irrigação Convencional","Unidade",8,{"v":1,"d":"1.0"},{"v":1.13,"d":"1.1"},{"v":2,"d":"2.0"},{"v":9,"d":"9.0"}]
["Conjunto de Fenação","Unidade",2,{"v":1,"d":"1.0"},{"v":1,"d":"1.0"},{"v":1,"d":"1.0"},{"v":2,"d":"2.0"}]
["Desintegrador de Palha (Plantio Direto)","Unidade",2,{"v":1,"d":"1.0"},{"v":1,"d":"1.0"},{"v":1,"d":"1.0"},{"v":2,"d":"2.0"}]
["Desintegrador, Picador, Triturador","Unidade",66,{"v":1,"d":"1.0"},{"v":1.14,"d":"1.1"},{"v":3,"d":"3.0"},{"v":75,"d":"75.0"}]
["Distribuidor de Calcário","Unidade",25,{"v":1,"d":"1.0"},{"v":1.08,"d":"1.1"},{"v":2,"d":"2.0"},{"v":27,"d":"27.0"}]
["Ensiladeira","Unidade",15,{"v":1,"d":"1.0"},{"v":1.13,"d":"1.1"},{"v":2,"d":"2.0"},{"v":17,"d":"17.0"}]
["Grade Aradora (Tipo Romi)","Unidade",28,{"v":1,"d":"1.0"},{"v":1.25,"d":"1.3"},{"v":3,"d":"3.0"},{"v":35,"d":"35.0"}]
["Grade Niveladora","Unidade",46,{"v":1,"d":"1.0"},{"v":1.15,"d":"1.2"},{"v":2,"d":"2.0"},{"v":53,"d":"53.0"}]
["Implementos para Tração Animal","Unidade",10,{"v":1,"d":"1.0"},1.3,{"v":2,"d":"2.0"},{"v":13,"d":"13.0"}]
["Microtrator","Unidade",5,{"v":1,"d":"1.0"},{"v":1,"d":"1.0"},{"v":1,"d":"1.0"},{"v":5,"d":"5.0"}]
["Misturador de Ração","Unidade",6,{"v":1,"d":"1.0"},{"v":1.33,"d":"1.3"},{"v":2,"d":"2.0"},{"v":8,"d":"8.0"}]
["Ordenhadeira Mecânica","Unidade",6,{"v":1,"d":"1.0"},{"v":1,"d":"1.0"},{"v":1,"d":"1.0"},{"v":6,"d":"6.0"}]
["Pulverizador Tratorizado","Unidade",25,{"v":1,"d":"1.0"},1.6,{"v":7,"d":"7.0"},{"v":40,"d":"40.0"}]
["Resfriador de Leite, Tanque Expansão","Unidade",5,{"v":1,"d":"1.0"},{"v":1,"d":"1.0"},{"v":1,"d":"1.0"},{"v":5,"d":"5.0"}]
["Semeadeira/Adubadeira para Plantio Convencional","Unidade",18,{"v":1,"d":"1.0"},{"v":1.11,"d":"1.1"},{"v":2,"d":"2.0"},{"v":20,"d":"20.0"}]
["Semeadeira/Plantadeira Plantio Direto","Unidade",7,{"v":1,"d":"1.0"},{"v":1.14,"d":"1.1"},{"v":2,"d":"2.0"},{"v":8,"d":"8.0"}]
["Terraceador","Unidade",2,{"v":1,"d":"1.0"},{"v":1,"d":"1.0"},{"v":1,"d":"1.0"},{"v":2,"d":"2.0"}]
["Trator de Esteiras","Unidade",3,{"v":1,"d":"1.0"},{"v":1.67,"d":"1.7"},{"v":2,"d":"2.0"},{"v":5,"d":"5.0"}]
["Trator de Pneus","Unidade",85,{"v":1,"d":"1.0"},{"v":1.72,"d":"1.7"},{"v":8,"d":"8.0"},{"v":146,"d":"146.0"}]
["Açude/Represa","Unidade",99,{"v":1,"d":"1.0"},{"v":2,"d":"2.0"},{"v":9,"d":"9.0"},{"v":198,"d":"198.0"}]
["Almoxarifado/Oficina","Unidade",30,{"v":1,"d":"1.0"},{"v":1.17,"d":"1.2"},{"v":5,"d":"5.0"},{"v":35,"d":"35.0"}]
["Armazém para Grãos Ensacados","Sacas",14,{"v":1,"d":"1.0"},179.5,{"v":2000,"d":"2,000.0"},{"v":2513,"d":"2,513.0"}]
["Balança para Bovinos","Unidade",12,{"v":1,"d":"1.0"},{"v":1,"d":"1.0"},{"v":1,"d":"1.0"},{"v":12,"d":"12.0"}]
["Balança para Veículos","Unidade",2,{"v":2,"d":"2.0"},{"v":2,"d":"2.0"},{"v":2,"d":"2.0"},{"v":4,"d":"4.0"}]
["Barracão para Granja/Avicultura","Unidade",12,{"v":1,"d":"1.0"},{"v":1.75,"d":"1.8"},{"v":3,"d":"3.0"},{"v":21,"d":"21.0"}]
["Barracão/Galpão/Garagem","Unidade",92,{"v":1,"d":"1.0"},{"v":1.26,"d":"1.3"},{"v":3,"d":"3.0"},{"v":116,"d":"116.0"}]
["Casa de Moradia Habitada","Unidade",168,{"v":1,"d":"1.0"},{"v":2.14,"d":"2.1"},{"v":45,"d":"45.0"},{"v":359,"d":"359.0"}]
["Casa de Moradia Total","Unidade",176,{"v":1,"d":"1.0"},{"v":2.72,"d":"2.7"},{"v":45,"d":"45.0"},{"v":478,"d":"478.0"}]
["Curral/Mangueira","Unidade",117,{"v":1,"d":"1.0"},{"v":1.15,"d":"1.2"},{"v":5,"d":"5.0"},{"v":134,"d":"134.0"}]
["Depósito/Tulha","Unidade",81,{"v":1,"d":"1.0"},{"v":1.16,"d":"1.2"},{"v":4,"d":"4.0"},{"v":94,"d":"94.0"}]
["Engenho","Unidade",3,{"v":1,"d":"1.0"},{"v":1,"d":"1.0"},{"v":1,"d":"1.0"},{"v":3,"d":"3.0"}]
["Estábulo","Unidade",19,{"v":1,"d":"1.0"},{"v":1.16,"d":"1.2"},{"v":2,"d":"2.0"},{"v":22,"d":"22.0"}]
["Estufa/Plasticultura","m²",2,{"v":200,"d":"200.0"},{"v":2600,"d":"2,600.0"},{"v":5000,"d":"5,000.0"},{"v":5200,"d":"5,200.0"}]
["Fábrica de Ração","Unidade",3,{"v":1,"d":"1.0"},{"v":1,"d":"1.0"},{"v":1,"d":"1.0"},{"v":3,"d":"3.0"}]
["Instalações para Equinos","Unidade",9,{"v":1,"d":"1.0"},{"v":2.67,"d":"2.7"},{"v":6,"d":"6.0"},{"v":24,"d":"24.0"}]
["Máquina de Benefício","Unidade",1,{"v":1,"d":"1.0"},{"v":1,"d":"1.0"},{"v":1,"d":"1.0"},{"v":1,"d":"1.0"}]
["Packing House","Unidade",1,{"v":1,"d":"1.0"},{"v":1,"d":"1.0"},{"v":1,"d":"1.0"},{"v":1,"d":"1.0"}]
["Pocilga","Unidade",37,{"v":1,"d":"1.0"},{"v":1.22,"d":"1.2"},{"v":6,"d":"6.0"},{"v":45,"d":"45.0"}]
["Poço Semi-Artesiano","Unidade",39,{"v":1,"d":"1.0"},{"v":1.23,"d":"1.2"},{"v":4,"d":"4.0"},{"v":48,"d":"48.0"}]
["Secador de Grãos","Unidade",9,{"v":1,"d":"1.0"},{"v":1,"d":"1.0"},{"v":1,"d":"1.0"},{"v":9,"d":"9.0"}]
["Silo para Grãos","t",2,{"v":1,"d":"1.0"},6.5,{"v":12,"d":"12.0"},{"v":13,"d":"13.0"}]
["Silo para Silagem","t",10,{"v":1,"d":"1.0"},110.7,{"v":800,"d":"800.0"},{"v":1107,"d":"1,107.0"}]
["Terreiro","m²",58,{"v":1,"d":"1.0"},{"v":221.53,"d":"221.5"},{"v":2000,"d":"2,000.0"},{"v":12849,"d":"12,849.0"}]
["Fonte: Secretaria de Agricultura e Abastecimento, CDRS/IEA, Projeto LUPA."]
[]
["TABELA 455.4 - Outras Estatísticas Agrícolas, Município de Pratânia, Estado de São Paulo, 2007/08."]
["ITEM","Número de UPAs",null,"Percentual"]
["Faz Parte de Associação de Produtores",62,null,{"v":25,"d":"25.0"}]
["Faz Parte de Cooperativa de Produtores",121,null,{"v":48.79032258064516,"d":"48.8"}]
["Faz Parte do Sindicato de Produtores",84,null,{"v":33.87096774193548,"d":"33.9"}]
["Não utiliza assistência técnica ",48,null,{"v":19.35483870967742,"d":"19.4"}]
["Utiliza somente assistência técnica governamental ",46,null,{"v":18.548387096774192,"d":"18.5"}]
["Utiliza somente assistência técnica privada ",37,null,{"v":14.919354838709678,"d":"14.9"}]
["Utiliza assistência técnica tanto governamental quanto privada",117,null,{"v":47.17741935483871,"d":"47.2"}]
["Utiliza Crédito Rural",33,null,{"v":13.306451612903226,"d":"13.3"}]
["Utiliza Seguro Rural",6,null,{"v":2.4193548387096775,"d":"2.4"}]
["Utiliza Escrituração Agrícola",99,null,{"v":39.91935483870968,"d":"39.9"}]
["Acessa Internet p/ Fins na Agropecuária",23,null,{"v":9.274193548387098,"d":"9.3"}]
["Utiliza Computador nas Atividades Agropecuárias",30,null,{"v":12.096774193548386,"d":"12.1"}]
["Utiliza Energia Elétrica Para Uso na Atividade Agrícola",210,null,{"v":84.6774193548387,"d":"84.7"}]
["Realiza Análise de Solo, quando necessário",178,null,{"v":71.77419354838709,"d":"71.8"}]
["Utiliza Práticas de Conservação de Solo, quando necessário",203,null,{"v":81.85483870967742,"d":"81.9"}]
["Faz Adubação Mineral, quando necessário",179,null,{"v":72.1774193548387,"d":"72.2"}]
["Faz Adubação Orgânica, quando necessário",156,null,{"v":62.90322580645161,"d":"62.9"}]
["Faz Adubação Verde, quando necessário",15,null,{"v":6.048387096774194,"d":"6.0"}]
["Utiliza Manejo Integrado de Pragas (MIP)",4,null,{"v":1.6129032258064517,"d":"1.6"}]
["Utiliza Hidroponia",1,null,{"v":0.40322580645161293,"d":"0.4"}]
["Utiliza Plasticultura",2,null,{"v":0.8064516129032259,"d":"0.8"}]
["Utiliza Mudas Fiscalizadas",71,null,{"v":28.629032258064512,"d":"28.6"}]
["Utiliza Semente Melhorada",45,null,{"v":18.14516129032258,"d":"18.1"}]
["Faz Confinamento de Bovinos",9,null,{"v":3.6290322580645165,"d":"3.6"}]
["Utiliza Pastejo Intensivo",36,null,{"v":14.516129032258064,"d":"14.5"}]
["Faz Inseminação Artificial","-",null,"-"]
["Faz Mineralização do Rebanho",115,null,{"v":46.37096774193548,"d":"46.4"}]
["Faz Vermifugação do Rebanho",115,null,{"v":46.37096774193548,"d":"46.4"}]
["Possui Parceiros /Arrendatários na Exploração Animal",16,null,{"v":6.451612903225807,"d":"6.5"}]
["Esporte e lazer","-",null,"-"]
["Extração mineral",2,null,{"v":0.8064516129032259,"d":"0.8"}]
["Hotel Fazenda, Pousada ou SPA","-",null,"-"]
["Pesque-pague",1,null,{"v":0.40322580645161293,"d":"0.4"}]
["Restaurante ou Lanchonete",1,null,{"v":0.40322580645161293,"d":"0.4"}]
["Transformação artesanal",1,null,{"v":0.40322580645161293,"d":"0.4"}]
["Turismo rural ou ecoturismo","-",null,"-"]
["Outras atividades econômicas rurais",1,null,{"v":0.40322580645161293,"d":"0.4"}]
["Agroindústria","-",null,"-"]
["Proprietário sem instrução ou com instrução incompleta","-",null,"-"]
["Proprietário com antigo primário completo",58,null,{"v":23.387096774193548,"d":"23.4"}]
["Proprietário com 1° grau (ou antigo ginasial) completo",32,null,{"v":12.903225806451614,"d":"12.9"}]
["Proprietário com 2° grau (ou antigo colegial) completo",48,null,{"v":19.35483870967742,"d":"19.4"}]
["Proprietário com curso superior completo ",106,null,{"v":42.74193548387097,"d":"42.7"}]
["Pessoa Jurídica",4,null,{"v":1.6129032258064517,"d":"1.6"}]
["Proprietário residente na própria UPA ",46,null,{"v":18.548387096774196,"d":"18.5"}]
["Fonte: Secretaria de Agricultura e Abastecimento, CDRS/IEA, Projeto LUPA."]
[]
["TABELA 455.5 - Área Cultivada, Município de Pratânia, Estado de São Paulo, 2007/08."]
["CULTURA","N.DE UPAs","MÍNIMO","MÉDIO","MÁXIMO","TOTAL"]
["Cana-de-acucar",111,0.5,{"v":76.17,"d":"76.2"},{"v":1815,"d":"1,815.0"},{"v":8455.4,"d":"8,455.4"}]
["Braquiaria",169,0.5,{"v":33.73,"d":"33.7"},{"v":1080,"d":"1,080.0"},{"v":5701,"d":"5,701.0"}]
["Eucalipto",64,0.1,{"v":26.72,"d":"26.7"},406.9,{"v":1710.1,"d":"1,710.1"}]
["Laranja",12,5.3,{"v":89.75,"d":"89.8"},{"v":336,"d":"336.0"},{"v":1077,"d":"1,077.0"}]
["Milho",38,0.5,{"v":23.57,"d":"23.6"},{"v":220,"d":"220.0"},895.8]
["Cafe",56,0.1,{"v":8.01,"d":"8.0"},{"v":66,"d":"66.0"},448.3]
["Pinus",2,{"v":1,"d":"1.0"},75.5,{"v":150,"d":"150.0"},{"v":151,"d":"151.0"}]
["Laranja-azeda",1,132.1,132.1,132.1,132.1]
["Coloniao",2,{"v":4,"d":"4.0"},57.4,110.8,114.8]
["Gramas",2,{"v":49,"d":"49.0"},50.5,{"v":52,"d":"52.0"},{"v":101,"d":"101.0"}]
["Tangerina",2,{"v":35,"d":"35.0"},37.1,39.2,74.2]
["Tangor",2,35.7,36.2,36.7,72.4]
["Palmito",2,7.8,{"v":13.05,"d":"13.1"},18.3,26.1]
["Capim-napier (ou capim-elefante)",4,0.1,{"v":5.63,"d":"5.6"},{"v":10,"d":"10.0"},22.5]
["Horta domestica",3,0.2,5.9,14.5,17.7]
["Pomar domestico",9,0.1,{"v":0.76,"d":"0.8"},{"v":2,"d":"2.0"},6.8]
["Alface",2,0.1,{"v":2,"d":"2.0"},3.9,{"v":4,"d":"4.0"}]
["Maracuja",5,0.5,{"v":0.74,"d":"0.7"},1.7,3.7]
["Uva rustica",1,3.5,3.5,3.5,3.5]
["Lichia",3,0.3,{"v":1.07,"d":"1.1"},1.5,3.2]
["Feijao",2,{"v":1,"d":"1.0"},1.2,1.4,2.4]
["Mandioca",1,1.8,1.8,1.8,1.8]
["Pimenta",1,1.5,1.5,1.5,1.5]
["Maca",1,{"v":1,"d":"1.0"},{"v":1,"d":"1.0"},{"v":1,"d":"1.0"},{"v":1,"d":"1.0"}]
["Figo-da-india",1,0.5,0.5,0.5,0.5]
["Fonte: Secretaria de Agricultura e Abastecimento, CDRS/IEA, Projeto LUPA."]